| 000 | 00452nam a2200181Ia 4500 | ||
|---|---|---|---|
| 001 | 11149 | ||
| 005 | 20260306161925.0 | ||
| 008 | 260306t1976||||xx |||||||||||||| ||spa|| | ||
| 041 | _aESP | ||
| 082 |
_a985.01 _bA37 |
||
| 100 |
_aAlcina Franch, José [1922-2001] _eAUT |
||
| 245 | 0 |
_aArqueologia de Chinchero: _bcerámica y otros materiales |
|
| 260 | _c1976 | ||
| 300 |
_a _c28 cm. |
||
| 650 | _aGEN | ||
| 654 | _aCHU | ||
| 942 |
_cLIB _dJUS _fJUS _2ddc _n |
||
| 999 |
_c11149 _d11149 |
||